<?xml version="1.0" encoding="UTF-8"?><?xml-stylesheet type="text/xsl" href="static/style.xsl"?><OAI-PMH xmlns="http://www.openarchives.org/OAI/2.0/" xmlns:xsi="http://www.w3.org/2001/XMLSchema-instance" xsi:schemaLocation="http://www.openarchives.org/OAI/2.0/ http://www.openarchives.org/OAI/2.0/OAI-PMH.xsd"><responseDate>2026-04-17T12:09:37Z</responseDate><request verb="GetRecord" identifier="oai:riubu.ubu.es:10259/10169" metadataPrefix="marc">https://riubu.ubu.es/oai/request</request><GetRecord><record><header><identifier>oai:riubu.ubu.es:10259/10169</identifier><datestamp>2025-02-06T01:05:28Z</datestamp><setSpec>com_10259_6158</setSpec><setSpec>com_10259_5086</setSpec><setSpec>com_10259_2604</setSpec><setSpec>col_10259_6159</setSpec></header><metadata><record xmlns="http://www.loc.gov/MARC21/slim" xmlns:doc="http://www.lyncode.com/xoai" xmlns:xsi="http://www.w3.org/2001/XMLSchema-instance" xmlns:dcterms="http://purl.org/dc/terms/" xsi:schemaLocation="http://www.loc.gov/MARC21/slim http://www.loc.gov/standards/marcxml/schema/MARC21slim.xsd">
<leader>00925njm 22002777a 4500</leader>
<datafield tag="042" ind1=" " ind2=" ">
<subfield code="a">dc</subfield>
</datafield>
<datafield tag="720" ind1=" " ind2=" ">
<subfield code="a">Muñoz Martín, Lucía</subfield>
<subfield code="e">author</subfield>
</datafield>
<datafield tag="260" ind1=" " ind2=" ">
<subfield code="c">2020</subfield>
</datafield>
<datafield tag="520" ind1=" " ind2=" ">
<subfield code="a">This paper takes a descriptive approach to several properties of Negative&#xd;
Inversion (NI) in Standard English found controversial in prescriptive writings,&#xd;
comparing what has been previously written in the literature with real native English&#xd;
speakers’ grammaticality judgements gathered via a questionnaire. These topics include&#xd;
the disagreement on the optionality of subject-auxiliary (subj-aux) inversion, the different&#xd;
approaches to an accurate syntax analysis, whether NI behaves as a Root Phenomenon&#xd;
(RT) or not, and the inaccurate classification of Only Inversion as a subtype of NI.</subfield>
</datafield>
<datafield tag="520" ind1=" " ind2=" ">
<subfield code="a">Este artículo toma un enfoque descriptivo con respecto a las propiedades&#xd;
controversiales de la Inversión Negativa (NI) en inglés estándar encontradas en previos&#xd;
escritos prescriptivos, comparándolos con los juicios gramaticales de hablantes nativos a&#xd;
través de una encuesta. Estas cuestiones incluyen el desacuerdo sobre la opcionalidad de&#xd;
inversión de sujeto-verbo, la cuestión de si NI se comporta como un Root Phenomenon&#xd;
(RT) o no, los distintos análisis sintácticos propuestos para el fenómeno y la imprecisa&#xd;
consideración de la inversión de Only como un subtipo de NI.</subfield>
</datafield>
<datafield tag="024" ind2=" " ind1="8">
<subfield code="a">1578-3820</subfield>
</datafield>
<datafield tag="024" ind2=" " ind1="8">
<subfield code="a">http://hdl.handle.net/10259/10169</subfield>
</datafield>
<datafield tag="024" ind2=" " ind1="8">
<subfield code="a">10.25115/ODISEA.V0I20.3632</subfield>
</datafield>
<datafield tag="024" ind2=" " ind1="8">
<subfield code="a">2174-1611</subfield>
</datafield>
<datafield ind1=" " ind2=" " tag="653">
<subfield code="a">Negative inversion</subfield>
</datafield>
<datafield ind1=" " ind2=" " tag="653">
<subfield code="a">English syntax</subfield>
</datafield>
<datafield ind1=" " ind2=" " tag="653">
<subfield code="a">Non-canonical syntax phenomena</subfield>
</datafield>
<datafield ind1=" " ind2=" " tag="653">
<subfield code="a">Negative adverbials</subfield>
</datafield>
<datafield ind1=" " ind2=" " tag="653">
<subfield code="a">Subject-auxiliary inversion</subfield>
</datafield>
<datafield ind1=" " ind2=" " tag="653">
<subfield code="a">Inversión negativa</subfield>
</datafield>
<datafield ind1=" " ind2=" " tag="653">
<subfield code="a">Sintaxis inglesa</subfield>
</datafield>
<datafield ind1=" " ind2=" " tag="653">
<subfield code="a">Fenómeno sintáctico no-canónico</subfield>
</datafield>
<datafield ind1=" " ind2=" " tag="653">
<subfield code="a">Adverbios negativos</subfield>
</datafield>
<datafield ind1=" " ind2=" " tag="653">
<subfield code="a">Inversión de sujeto-verbo</subfield>
</datafield>
<datafield tag="245" ind1="0" ind2="0">
<subfield code="a">Negative inversion in standard english</subfield>
</datafield>
</record></metadata></record></GetRecord></OAI-PMH>